Most Popular Girls’ Names by Country - Statistics

General Stats
  • This quiz has been taken 61 times
  • The average score is 32 of 76
Answer Stats
Country Starting Letter Answer % Correct
Belgium O Olivia
84%
Canada O Olivia
84%
Finland O Olivia
84%
United Kingdom O Olivia
84%
United States O Olivia
84%
Colombia M María
82%
Guatemala M María
82%
Paraguay M María
82%
Portugal M Maria
82%
Romania M Maria
82%
Uruguay M Maria
82%
Brazil M Maria Alice
82%
Ukraine A Anna
78%
Slovenia E Ema
74%
Argentina E Emma
72%
Chile E Emma
72%
Luxembourg E Emma
72%
Monaco E Emma
72%
Netherlands E Emma
72%
Bosnia and Herzegovina S Sara
70%
Honduras S Sofía
70%
Italy S Sofia
70%
Mexico S Sofía
70%
Moldova S Sofia
70%
Russia S Sofia
70%
Slovakia S Sofia
70%
Austria M Marie
68%
Ireland E Emily
62%
Iran F Fatima
58%
Libya F Fatima
58%
Oman F Fatima
58%
Denmark E Ella
56%
Costa Rica I Isabella
56%
Azerbaijan Z Zahra
48%
Australia I Isla
46%
New Zealand I Isla
46%
Croatia M Mia
46%
Ecuador M Mía
46%
Estonia M Mia
46%
Malta M Mia
46%
Peru M Mia
46%
Switzerland M Mia
46%
Bulgaria V Victoria
46%
Albania A Amelia
42%
Hungary H Hanna
40%
Germany E Emilia
32%
Liechtenstein E Emilia
32%
Norway N Nora
30%
Dominican Republic A Abigail
20%
France J Jade
18%
Poland Z Zofia
18%
Georgia M Mariam
16%
Spain L Lucía
14%
Algeria M Maryam
14%
United Arab Emirates M Maryam
14%
Türkiye Z Zeynep
12%
Sweden A Astrid
10%
Jordan S Salma
6%
North Macedonia J Jana
4%
Kazakhstan M Medina
4%
Lithuania S Sofija
4%
Montenegro S Sofija
4%
Serbia S Sofija
4%
Philippines A Althea
2%
Israel A Avigayil
2%
Czech Republic E Eliška
2%
Iceland E Embla
2%
Japan H Himari
2%
South Africa M Melokuhle
2%
Armenia N Nare
2%
Kyrgyzstan R Rayana
2%
China R Ruòxī
2%
Uzbekistan S Soliha
2%
Cuba Y Yanet
2%
Latvia E Emīlija
0%
South Korea Y Yi-seo
0%
No matching quizzes found
Score Distribution
Percent of People with Each Score
Percentile by Number Answered
Your Score History
You have not taken this quiz